[Event "FIRST SATURDAY  GM FEB 2013"]
[Site "Budapest"]
[Date "2013.02.09"]
[Round "7.5"]
[White "Nguyen, Huynh Minh Huy"]
[Black "Saric, Sinisa"]
[Result "1-0"]
[WhiteElo "2439"]
[BlackElo "2418"]
[PlyCount "83"]
[EventDate "2013.02.02"]

1. d4 Nf6 2. c4 g6 3. Nc3 Bg7 4. e4 d6 5. Nf3 O-O 6. Be2 e5 7. O-O Na6 8. Re1
Bg4 9. Be3 Bxf3 10. Bxf3 exd4 11. Bxd4 Nb4 12. e5 Nd7 13. Bxb7 Rb8 14. Be4 c5
15. Be3 Nxe5 16. a3 Nbc6 17. Rb1 Nd4 18. Bd5 a6 19. b4 Nf5 20. Ne4 Nxe3 21.
Rxe3 cxb4 22. axb4 Qc7 23. Ra3 Rb6 24. h3 h6 25. c5 dxc5 26. bxc5 Rxb1 27. Qxb1
Rb8 28. Rb3 Rxb3 29. Qxb3 Kh7 30. Qa4 Nd3 31. Qe8 Qe5 32. Qxf7 h5 33. c6 Kh6
34. c7 Qa1+ 35. Kh2 Qc1 36. g3 h4 37. Qe7 hxg3+ 38. Nxg3 Kh7 39. Qh4+ Bh6 40.
Qc4 Qd2 41. c8=Q Qxf2+ 42. Bg2 1-0

[Event "FIRST SATURDAY  GM FEB 2013"]
[Site "Budapest"]
[Date "2013.02.10"]
[Round "8.1"]
[White "Rindlisbacher, Lars"]
[Black "Saric, Sinisa"]
[Result "1/2-1/2"]
[WhiteElo "2366"]
[BlackElo "2418"]
[PlyCount "78"]
[EventDate "2013.02.02"]

1. d4 Nf6 2. c4 g6 3. Nc3 Bg7 4. e4 d6 5. Nf3 O-O 6. Be2 e5 7. O-O Na6 8. Re1
Bg4 9. Be3 Bxf3 10. Bxf3 exd4 11. Bxd4 Nb4 12. Be2 Nc6 13. Be3 Nd7 14. Qd2 Nc5
15. f3 Ne6 16. Rab1 Bd4 17. Bxd4 Ncxd4 18. Bd3 Qh4 19. Qf2 Qxf2+ 20. Kxf2 a5
21. h4 f6 22. Rbd1 Kg7 23. Bb1 Rab8 24. Nb5 Nc6 25. a3 a4 26. g3 Rf7 27. Ke3
Ne5 28. Ba2 Nc5 29. f4 Nc6 30. Kd2 Re8 31. Bb1 Rfe7 32. Kc3 f5 33. e5 dxe5 34.
fxe5 b6 35. Rd5 Na5 36. Kb4 Nc6+ 37. Kc3 Na5 38. Kb4 Nab7 39. Nd4 Na5 1/2-1/2

[Event "FIRST SATURDAY  GM FEB 2013"]
[Site "Budapest"]
[Date "2013.02.10"]
[Round "8.3"]
[White "Czebe, Attila"]
[Black "Hujbert, Florian"]
[Result "1/2-1/2"]
[WhiteElo "2488"]
[BlackElo "2427"]
[PlyCount "24"]
[EventDate "2013.02.02"]

1. d4 d5 2. c4 c6 3. Nc3 Nf6 4. cxd5 cxd5 5. Nf3 Nc6 6. Bf4 Bf5 7. e3 e6 8. Bd3
Bxd3 9. Qxd3 Bd6 10. Bxd6 Qxd6 11. O-O O-O 12. Rfc1 Rfc8 1/2-1/2

[Event "FIRST SATURDAY  GM FEB 2013"]
[Site "Budapest"]
[Date "2013.02.10"]
[Round "8.4"]
[White "Mihok, Oliver"]
[Black "Gonda, Laszlo"]
[Result "1-0"]
[WhiteElo "2442"]
[BlackElo "2536"]
[PlyCount "75"]
[EventDate "2013.02.02"]

1. e4 e5 2. Nf3 Nc6 3. Bb5 a6 4. Ba4 Nf6 5. O-O Be7 6. Re1 b5 7. Bb3 d6 8. c3
O-O 9. h3 Na5 10. Bc2 c5 11. d4 Nd7 12. Nbd2 exd4 13. cxd4 Nc6 14. d5 Nce5 15.
a4 Bb7 16. Nxe5 Nxe5 17. f4 Ng6 18. Nf3 Re8 19. b3 Bf6 20. Ra2 Bc3 21. Re3 b4
22. g3 Qc8 23. Bd3 a5 24. Bb5 Re7 25. Rae2 Ba6 26. Bxa6 Rxa6 27. Qd3 f6 28. Bd2
Raa7 29. Kh2 c4 30. bxc4 Bxd2 31. Rxd2 Rec7 32. Rc2 Rc5 33. Nd4 Qe8 34. Qb3 Nf8
35. Nc6 Rc7 36. e5 dxe5 37. fxe5 R7xc6 38. exf6 1-0

[Event "FIRST SATURDAY  GM FEB 2013"]
[Site "Budapest"]
[Date "2013.02.10"]
[Round "8.5"]
[White "Lizak, Peter"]
[Black "Stefansson, Hannes"]
[Result "1/2-1/2"]
[WhiteElo "2428"]
[BlackElo "2496"]
[PlyCount "33"]
[EventDate "2013.02.02"]

1. d4 d5 2. c4 c6 3. Nf3 Nf6 4. e3 e6 5. Bd3 a6 6. O-O Nbd7 7. Nc3 b5 8. b3 Be7
9. e4 dxe4 10. Nxe4 O-O 11. Qc2 h6 12. Rd1 bxc4 13. bxc4 c5 14. dxc5 Qc7 15.
Bb2 Bb7 16. Rab1 Rfd8 17. Nxf6+ 1/2-1/2

[Event "FIRST SATURDAY  GM FEB 2013"]
[Site "Budapest"]
[Date "2013.02.11"]
[Round "9.1"]
[White "Stefansson, Hannes"]
[Black "Rindlisbacher, Lars"]
[Result "1/2-1/2"]
[WhiteElo "2496"]
[BlackElo "2366"]
[PlyCount "80"]
[EventDate "2013.02.02"]

1. Nf3 c5 2. c4 Nc6 3. d4 cxd4 4. Nxd4 Nf6 5. Nc3 g6 6. e4 d6 7. Be2 Nxd4 8.
Qxd4 Bg7 9. Bg5 O-O 10. Qe3 Be6 11. O-O a5 12. Rad1 Nd7 13. f4 f6 14. Bh4 Qb6
15. Qxb6 Nxb6 16. b3 Rfe8 17. f5 Bf7 18. Bf2 Nd7 19. Be3 h5 20. Rf3 Kh7 21. Rh3
Bh6 22. Bf2 Ne5 23. fxg6+ Bxg6 24. Bxh5 Bxh5 25. Rxh5 Kg6 26. Rh3 a4 27. Bd4
axb3 28. axb3 Nc6 29. Na4 Bf4 30. Rf3 Be5 31. Bf2 Kf7 32. g4 Rh8 33. h3 Nd8 34.
Be3 Ne6 35. Kg2 Rh7 36. Rd5 Nc7 37. Rd3 Ne6 38. Rf1 Rah8 39. Bd2 Ra8 40. Be3
Rah8 1/2-1/2

[Event "FIRST SATURDAY  GM FEB 2013"]
[Site "Budapest"]
[Date "2013.02.11"]
[Round "9.2"]
[White "Gonda, Laszlo"]
[Black "Lizak, Peter"]
[Result "1-0"]
[WhiteElo "2536"]
[BlackElo "2428"]
[PlyCount "129"]
[EventDate "2013.02.02"]

1. d4 d5 2. c4 dxc4 3. Nf3 Nf6 4. Nc3 c5 5. e4 cxd4 6. Qxd4 Qxd4 7. Nxd4 e6 8.
Bxc4 a6 9. f3 Nbd7 10. Be3 Bc5 11. Kf2 Ne5 12. Be2 Bd7 13. g4 Ng6 14. Nb3 Bxe3+
15. Kxe3 e5 16. Rac1 Bc6 17. Na5 Ne7 18. Nc4 Ng6 19. Na5 Ne7 20. Rhd1 O-O 21.
Nxc6 Nxc6 22. g5 Nh5 23. Rd7 b5 24. Nd5 Nd4 25. Bd1 Ne6 26. h4 Nhf4 27. Bb3
Ng2+ 28. Kf2 Nxh4 29. Ne7+ Kh8 30. Rh1 Nc5 31. Rd5 Nxb3 32. axb3 Ng6 33. Nxg6+
fxg6 34. Rxe5 Rac8 35. Kg3 Rc2 36. Rh2 Rxh2 37. Kxh2 h6 38. Kg3 hxg5 39. Rxg5
Rf6 40. Rc5 Kg8 41. e5 Rf5 42. Kg4 Rh5 43. Kf4 Rh4+ 44. Kg5 Rh3 45. Kf4 Rh4+
46. Kg5 Rh3 47. Kxg6 Rg3+ 48. Kf5 Rxf3+ 49. Ke6 g5 50. Rc3 g4 51. Kd7 Rxc3 52.
bxc3 g3 53. e6 g2 54. e7 g1=Q 55. e8=Q+ Kg7 56. Qe5+ Kg8 57. b4 Qa1 58. Qc7 Qa3
59. Kc8 Qa1 60. Kb7 Qa3 61. Kb6 Qa1 62. Qc8+ Kf7 63. Qxa6 Qxc3 64. Qxb5 Kg8 65.
Qd5+ 1-0

[Event "FIRST SATURDAY  GM FEB 2013"]
[Site "Budapest"]
[Date "2013.02.11"]
[Round "9.3"]
[White "Hujbert, Florian"]
[Black "Mihok, Oliver"]
[Result "1/2-1/2"]
[WhiteElo "2427"]
[BlackElo "2442"]
[PlyCount "56"]
[EventDate "2013.02.02"]

1. d4 d5 2. c4 e6 3. Nf3 c6 4. Nc3 Nf6 5. Bg5 dxc4 6. e4 b5 7. e5 h6 8. Bh4 g5
9. Bg3 Nd5 10. Nd2 Be7 11. Be2 Bb7 12. O-O Qb6 13. a4 Nd7 14. Nde4 a6 15. Qd2
Rf8 16. Nd6+ Bxd6 17. exd6 N7f6 18. Bf3 Kd7 19. Be5 b4 20. Nxd5 Nxd5 21. Qc2 c5
22. Qxc4 Rac8 23. a5 Qc6 24. dxc5 Qxc5 25. Qd3 Qc2 26. Qd4 Qc5 27. Qd3 Qc2 28.
Qd4 Qc5 1/2-1/2

[Event "FIRST SATURDAY  GM FEB 2013"]
[Site "Budapest"]
[Date "2013.02.11"]
[Round "9.4"]
[White "Nguyen, Huynh Minh Huy"]
[Black "Czebe, Attila"]
[Result "1-0"]
[WhiteElo "2439"]
[BlackElo "2488"]
[PlyCount "89"]
[EventDate "2013.02.02"]

1. d4 Nf6 2. c4 g6 3. Nc3 Bg7 4. e4 d6 5. Nf3 O-O 6. Be2 e5 7. O-O exd4 8. Nxd4
Re8 9. f3 Nc6 10. Be3 Nh5 11. Qd2 Nxd4 12. Bxd4 Nf4 13. Rfd1 Bxd4+ 14. Qxd4
Nxe2+ 15. Nxe2 Be6 16. Rac1 a5 17. Nc3 Qg5 18. b3 b6 19. a4 Re7 20. Qf2 f6 21.
Rc2 Rf8 22. Re2 Qh6 23. h3 Kh8 24. Rde1 Qg7 25. Kh2 Bg8 26. f4 Rfe8 27. Re3 Bf7
28. Qd2 h5 29. Nb5 Be6 30. e5 dxe5 31. fxe5 f5 32. Nd4 c5 33. Nb5 Rd7 34. Rd3
Red8 35. Rd6 Kg8 36. Qg5 Re8 37. Rxb6 Kh7 38. Nd6 Ree7 39. Rc6 Bg8 40. Nxf5
Rxe5 41. Rxg6 Qxg6 42. Qxg6+ Kxg6 43. Rxe5 Rb7 44. Rxc5 Rxb3 45. Ne7+ 1-0